000 00522nam a22001697a 4500
999 _c62554
_d62554
005 20241206093023.0
008 241206s1990 ru ||||| |||| 00| 0 rus d
020 _a 9785458366144x
041 _arus
080 _a159.9 Ф-83
100 _aФранкл, В.
_923875
245 _aЧеловек в поисках смысла /
_cВ. Франкл.
264 _aМосква :
_bПрогресс,
_c1990.
300 _a366 стр.
_b24 см.
653 _aფსიქოლოგია
942 _2udc
_cᲬᲘᲒᲜᲘ